000 00646nam a2200181 i 4500
001 25776
003 ES-MaACL
005 20250805063232.0
007 t|
008 030102s1885 fr ||||1| fre d
100 0 _aAristóteles
_922861
245 1 0 _aTraités des parties des animaux et de la marche des animaux /
_cd'Aristóteles ; traduit en français et accompagné des notes perpetuelles par J. Barthelemy Saint Hilaire.
260 _aParís :
_bHachette,
_c1885 (
_fChartres-Durand)
300 _a2 t. ;
_c24 cm.
700 0 _aBarthelemy Saint-Hilaire, Jules.
_926123
852 _aES-MaACL
_jF-8733-34
999 _c25776
_d25776